LEADER 01469nam a2200313 a 4500 001 000000131482 003 CaOOAMICUS 005 20121121130751.0 008 121121s2012 it u000 u ita r 020 $a978-88-13-29235-5 040 $aPUL$bita 082 04$a347.45 100 1 $aGenghini, Lodovico.$0(OLS)http://pul/name/75978 245 13$aLa forma degli atti notarili :$btecniche redazionali degli atti: inter vivos, mortis causa e societari /$cLodovico Genghini ; appendice su atti pubblici in forma digitale, a cura di Riccardo Genghini. 260 $aPadova :$bCEDAM,$c2012. 300 $aXXIII, 610 p. ;$c25 cm 490 1 $aManuali notarili ;$v01 504 $aBibliografia p. [591]-597. 650 4$aNotariato$zItalia$vManuali.$0(OLS)http://pul/subject/21802 700 1 $aGenghini, Riccardo.$0(OLS)http://pul/name/66036 830 0$aManuali notarili ;$v01.$0(OLS)http://pul/title/152657 850 $aPUL 852 $aPUL$W1$xSL Diritto e Scienze Sociali 3$y79$m347. 45 GENLO 1.1$j151758$qDDC 21$B150689$CPULBib$Z2$F150689 $H121047 $82 941 1 $a9 996 $6020$a978-88-13-29235-5$9(OLS)http://pul/number/151116 996 $6082$a347.45$9(OLS)http://pul/classification/384 996 $6245$aLa forma degli atti notarili :$btecniche redazionali degli atti: inter vivos, mortis causa e societari$9(OLS)http://pul/title/166096 996 $6260$aPadova :$bCEDAM$9(OLS)http://pul/publisher/48126 LEADER 01116nam a2200277 u 4500 001 000000059060 003 CaOOAMICUS 005 20070226120747.0 008 010620s1992 it u000 u ita u 020 $a8802045844 035 $a10893271 040 $aPUL(R)$bita 100 1 $aMattei, Ugo.$0(OLS)http://pul/name/40842 245 10$aCommon Law :$bil diritto anglo-americano /$cUgo Mattei. 260 $aTorino :$bUTET,$cc1992. 300 $axvi, 430 p. ;$c24 cm 490 1 $aTrattato di diritto comparato ;$v3 504 $aContiene riferimenti bibliografici. 650 4$aDiritto comparato.$0(OLS)http://pul/subject/489 830 0$aTrattato di diritto comparato ;$v3.$0(OLS)http://pul/title/54501 850 $aPUL 852 $aPUL$W1$xSL Diritto e Scienze Sociali 3$y79$m300 A 51.3$j77068$nBK-PRI$b $qDDC 21$B77068$CPULBib$Z2$F77068 $H77259 $82 941 1 $a9 996 $6020$a8802045844$9(OLS)http://pul/number/75068 996 $6245$aCommon Law :$bil diritto anglo-americano$9(OLS)http://pul/title/79106 996 $6260$aTorino :$bUTET$9(OLS)http://pul/publisher/48088